Dilemata etiky podnikání

Dilemy etiky podnikania - dilema medzi svedomím a konkrétnou povahou verejnej mienky, dilema medzi slobodou podnikania a obmedzeniami etických princípov, dilema krátkodobých a dlhodobých cieľov.

Salvato in:
Dettagli Bibliografici
Autore principale: Vaněk, Jiří
Natura: Capitolo di libro
Lingua:ceco
Soggetti:
Tags: Aggiungi Tag
Nessun Tag, puoi essere il primo ad aggiungerne!!

MARC

LEADER 00000naa$a2200000$$$4500
001 0047509
005 20221207085437.1
041 0 |a cze 
044 |a SK 
245 1 0 |a Dilemata etiky podnikání  |c Jiří Vaněk 
520 |a Dilemy etiky podnikania - dilema medzi svedomím a konkrétnou povahou verejnej mienky, dilema medzi slobodou podnikania a obmedzeniami etických princípov, dilema krátkodobých a dlhodobých cieľov. 
610 2 0 |a etika podnikateľská 
610 2 0 |a morálka 
610 2 0 |a mienka verejná 
610 2 0 |a sloboda podnikania 
610 2 0 |a princípy mravné 
100 1 |a Vaněk, Jiří